| 000 | 00443nam a2200157Ia 4500 | ||
|---|---|---|---|
| 999 |
_c37301 _d37301 |
||
| 003 | OSt | ||
| 005 | 20200929142553.0 | ||
| 008 | 190216s9999||||xx |||||||||||||| ||und|| | ||
| 040 | _coclc | ||
| 082 |
_a590 _bAYY/O |
||
| 100 |
_aAyyar, M Ekambaranatha _95086 |
||
| 245 | 0 |
_aOutline Of Zoology / _cM Ekambaranatha Ayyar |
|
| 260 |
_bViswanathan S, _aMadras: |
||
| 300 | _a731p | ||
| 942 |
_cBK _2ddc _h590 _iAYY/O _k590 _mAYY/O |
||